| 000 | 01018nam a2200241 i 4500 | ||
|---|---|---|---|
| 001 | 163346 | ||
| 003 | ES-MaACL | ||
| 005 | 20250828123742.0 | ||
| 008 | 010711s1867 fr |||| | spa d | ||
| 040 |
_aCAM _bspa _cCAM |
||
| 245 | 0 | 0 | _aReseña de los documentos pertenecientes a la coleccion paleográfica de Juan de Tro y Ortolano presentados en la Exposicion Universal de 1867 en Paris. |
| 260 |
_aParis : _b[s.n.], _c1867 ( _fImprenta General de Ch. Lahure) |
||
| 300 |
_a51 p. ; _c16 x 25. |
||
| 594 | _aPort. y texto paralelos en francés y español. | ||
| 611 | 2 | 4 |
_aExposition Universelle. _d1867. _cParis) _9135153 |
| 651 | 4 |
_aEspaña- _xHistoria- _vFuentes- _vBibliografías. _9149318 |
|
| 700 | 1 | 1 |
_aTro y Ortolano, Juan de. _9133384 |
| 852 |
_aES-MaACL _jZ-3-F-25 _cDEPOZ |
||
| 856 |
_uhttps://bdh-rd.bne.es/viewer.vm?id=0000248183&page=1 _yVersión digital en línea _z(Biblioteca Digital Hispánica) |
||
| 942 |
_2udc _cFOLLETOS _n0 |
||
| 999 |
_c163346 _d163346 |
||